| 000 | 00524nam a2200157 a 4500 | ||
|---|---|---|---|
| 001 | ASIN9691987422 | ||
| 005 | 20150423094254.0 | ||
| 008 | 150423s2014 xxu eng d | ||
| 020 | _a9691987422 (paperback) | ||
| 020 | _a9789691987425 (paperback) | ||
| 100 | 1 | _aNoumani, Allama Shibli. | |
| 245 | 1 | 0 |
_aSeerat-ul-nabi / _cAllama Shibli Noumani. |
| 300 | _a1 v. (unpaged) | ||
| 520 | _aSeerat-ul-Nabi by Allama Shibli Noumani. | ||
| 856 | 4 | 0 |
_3Amazon.com _uhttp://www.amazon.com/exec/obidos/ASIN/9691987422/chopaconline-20 |
| 999 |
_c13297 _d13297 |
||